000 00729cam a2200193 4500
001 WB3837-22
008 021010n2002 000 0 eng u
035 _a(Sirsi) u120068
245 _aNew guide to the Red Book
260 _c2002
490 _aProperty News
_v October 2002, 4(1)
520 _aLambert Smith Hampton have produced a new "Guide to the Red Book". Particularly highlights recent changes regarding "market value", which replaces "open market value". Further information available from www.lsh.co.uk/index.htm
590 _aWB
650 _aMARKET VALUE
650 _aOPEN MARKET VALUE
650 _aRICS APPRAISAL AND VALUATION MANUAL
690 _aPROPERTY-PROPERTY APPRAISAL AND VALUATION
942 _n0
999 _c71342
_d71342